Acetato. (Registro nro. 2449)
[ vista simple ]
| 000 -LEADER | |
|---|---|
| fixed length control field | 00593nam a2200193 a 4500 |
| 008 - CAMPO DE CONTROL (LIBRO) | |
| fixed length control field | 161215t2009 spa |||g ||| 001 p spa d |
| 020 ## - INTERNATIONAL STANDARD BOOK NUMBER | |
| ISBN | 9789870567028 |
| 041 ## - CODIGO DE IDIOMA | |
| Código de idioma del texto/pista de sonido o título separado | spa |
| 092 ## - SIGNATURA TOPOGRAFICA DEWEY LOCAL | |
| número de clasificación | 808.8 |
| libristica | 51 |
| sección | MEL |
| 100 1# - ENTRADA PRINCIPAL--NOMBRE PERSONAL | |
| Nombre personal | Mellado, Silvia |
| 9 (RLIN) | 3294 |
| 245 ## - TITULO PROPIAMENTE DICHO | |
| Título | Acetato. |
| Subtítulo y Título paralelo | Poesía capturada en Patagonia / |
| Mención de responsabilidad y remanente de la transcripción de la portada | Silvia Mellado |
| 250 ## - MENCION DE EDICION | |
| Mención de edición | 1a ed. |
| 260 ## - PIE DE IMPRENTA | |
| Lugar de publicación, distribución, etc | Neuquén: |
| Nombre de la editorial, distribuidor, etc | EDUCO; |
| Fecha de publicación | 2009. |
| 300 ## - DESCRIPCION FISICA | |
| Extension | 46 p. |
| Dimensiones | 21x15 cm. |
| 500 ## - NOTA GENERAL | |
| Nota general | Mellado, S. (2009). Acetato. (1a ed.). Neuquén : EDUCO. |
| 590 ## - NOTAS LOCALES (RLIN) | |
| Nota local | Proyecto 4to libro. Donación EDUCO, Septiembre 2017 |
| 655 ## - MATERIA - GENERO/FORMA | |
| Género/Forma | Poesia |
| -- | 2929 |
| 942 ## - ADDED ENTRY ELEMENTS (KOHA) | |
| Source of classification or shelving scheme | Dewey Decimal Classification |
| Item type | LITERATURA |
| Estado de retiro | Existencia | Fuente de clasificación | Estado general | No para prestamo | Ubicación permanente | ubicación actual | Sala de ubicación | Fecha de adquisición | Fuente de adquisición | Total Checkouts | Número de clasificación | Código de barras | Date last seen | Número de ejemplar | Price effective from | Koha tipo de elemento (item) | Public note |
|---|---|---|---|---|---|---|---|---|---|---|---|---|---|---|---|---|---|
| Dewey Decimal Classification | Biblioteca Medicina | Biblioteca Medicina | Circulación | 18/09/2017 | Proyecto 4to libro. Donación EDUCO, Septiembre 2017 | 808.8 51 MEL | 3923 | 18/09/2017 | Ej. 1 | 18/09/2017 | LITERATURA | Proyecto 4to libro. Donación EDUCO, Septiembre 2017 |